Writing in English Book 2
v.v...
Đã lưu trong:
| Tác giả chính: | |
|---|---|
| Định dạng: | Sách |
| Năm xuất bản: |
Anh
Acmillan
[Knxb]
|
| Chủ đề: | |
| Tags: |
Thêm thẻ
Không có thẻ, Hãy là người đầu tiên gắn thẻ bản ghi này!
|
| LEADER | 00584nam a2200169 4500 | ||
|---|---|---|---|
| 082 | |a 421 |b P311C | ||
| 100 | |a Pincas, Anita | ||
| 245 | |a Writing in English |c Anita Pincas, Barbara Johnson, Kate Allen |b Book 2 | ||
| 260 | |a Anh |b Acmillan |c [Knxb] | ||
| 300 | |a 72 tr. |c 27 cm | ||
| 520 | |a v.v... | ||
| 653 | |a Ngôn ngữ | ||
| 653 | |a Tiếng Anh | ||
| 653 | |a Kỹ năng viết | ||
| 942 | |2 ddc |c SH | ||
| 999 | |c 4063 |d 4063 | ||
| 952 | |0 0 |1 0 |2 ddc |4 0 |6 421_000000000000000_P311C |7 0 |8 400 |9 41334 |a qbu |b qbu |c D4 |d 2014-12-18 |g 15000 |o 421 P311C |p 3025.c1 |r 0000-00-00 |w 2014-12-18 |y SH |0 0 |6 421_000000000000000_P311C | ||